000 00276nam a2200121 a 4500
008 101022s1981|||| d
100 1 _aLawrence, D.H.
245 1 0 _aPozemský nepokoj
260 _bTatran
_aBratislava
_c1981
020 _c40
041 _aslo
044 _axo
_cSK
999 _c12023
_d12023